| 000 -LEADER |
| fixed length control field |
00352nam a2200109Ia 4500 |
| 008 - FIXED-LENGTH DATA ELEMENTS--GENERAL INFORMATION |
| fixed length control field |
201231s9999 xx 000 0 und d |
| 100 ## - MAIN ENTRY--PERSONAL NAME |
| Personal name |
Chattopadhyay, Manabendu, Maiti, Pradip and Rakshit, Mihir (ed.) |
| 245 #0 - TITLE STATEMENT |
| Title |
Planning and Economic Policy in India : Evaluation and Lessons for the Future |
| 260 ## - PUBLICATION, DISTRIBUTION, ETC. |
| Place of publication, distribution, etc. |
New Delhi |
| Name of publisher, distributor, etc. |
SAGE |
| 300 ## - PHYSICAL DESCRIPTION |
| Extent |
215 |
| 942 ## - ADDED ENTRY ELEMENTS (KOHA) |
| Koha item type |
Books |